[Event "European Youth Chess Championship G14"]
[Site "Prague, Top Hotel Prague"]
[Date "2012.08.23"]
[Round "7.1"]
[White "Kisteneva, Liza"]
[Black "Paramzina, Anastasya"]
[Result "0-1"]
[WhiteElo "2040"]
[BlackElo "2021"]
[PlyCount "0"]
[EventDate "2012.08.17"]

1. d4 {[%clk 1:30:52]} d5 {[%clk 1:30:55]} 2. c4 {[%clk 1:31:17]} e6
{[%clk 1:31:20]} 3. Nc3 {[%clk 1:31:41]} Be7 {[%clk 1:31:44]} 4. Bf4
{[%clk 1:31:48]} Nf6 {[%clk 1:31:49]} 5. e3 {[%clk 1:31:40]} O-O {[%clk 1:32:11]}
6. Nf3 {[%clk 1:32:00]} c5 {[%clk 1:32:34]} 7. dxc5 {[%clk 1:32:17]} Bxc5
{[%clk 1:32:47]} 8. cxd5 {[%clk 1:32:30]} Nxd5 {[%clk 1:32:56]} 9. Nxd5
{[%clk 1:32:48]} exd5 {[%clk 1:33:20]} 10. a3 {[%clk 1:32:57]} Nc6
{[%clk 1:33:25]} 11. Bd3 {[%clk 1:33:10]} Bb6 {[%clk 1:32:05]} 12. O-O
{[%clk 1:33:31]} Qf6 {[%clk 1:32:17]} 13. b4 {[%clk 1:33:22]} d4 {[%clk 1:32:20]}
14. Ng5 {[%clk 1:16:02]} Bf5 {[%clk 1:23:03]} 15. e4 {[%clk 1:15:37]} Bg6
{[%clk 1:23:15]} 16. Qg4 {[%clk 1:14:25]} h6 {[%clk 1:11:57]} 17. Nf3
{[%clk 1:12:23]} Bh5 {[%clk 1:04:56]} 18. Qxh5 {[%clk 1:07:24]} Qxf4
{[%clk 1:05:19]} 19. g3 {[%clk 1:07:30]} Qc7 {[%clk 1:00:45]} 20. Rac1
{[%clk 1:02:42]} Qe7 {[%clk 0:59:53]} 21. b5 {[%clk 0:56:31]} Na5
{[%clk 0:50:42]} 22. e5 {[%clk 0:41:45]} Qxa3 {[%clk 0:42:41]} 23. Rcd1
{[%clk 0:41:43]} Nb3 {[%clk 0:38:01]} 24. e6 {[%clk 0:33:18]} fxe6
{[%clk 0:29:06]} 25. Ne5 {[%clk 0:33:23]} Nc5 {[%clk 0:26:58]} 26. Bg6
{[%clk 0:25:29]} Rad8 {[%clk 0:24:02]} 27. Bf7+ {[%clk 0:25:20]} Kh7
{[%clk 0:24:20]} 28. Ng4 {[%clk 0:22:08]} Qf3 {[%clk 0:22:50]} 29. Qg6+
{[%clk 0:13:56]} Kh8 {[%clk 0:23:12]} 30. Ne5 {[%clk 0:13:50]} Qf6
{[%clk 0:22:53]} 31. Rfe1 {[%clk 0:13:49]} Rd5 {[%clk 0:21:30]} 32. Qh5
{[%clk 0:04:18]} Rxe5 {[%clk 0:21:17]} 33. Rxe5 {[%clk 0:04:24]} Rxf7
{[%clk 0:21:31]} 34. Re2 {[%clk 0:04:04]} d3 {[%clk 0:21:23]} 35. Ra2
{[%clk 0:04:08]} e5 {[%clk 0:19:58]} 36. Kg2 {[%clk 0:04:07]} e4 {[%clk 0:18:43]}
37. Qg4 {[%clk 0:03:43]} g6 {[%clk 0:17:46]} 38. Rdd2 {[%clk 0:03:37]} e3
{[%clk 0:17:43]} 39. Qc8+ {[%clk 0:02:37]} Rf8 {[%clk 0:18:04]} 40. Qxf8+
{[%clk 0:32:37]} Qxf8 {[%clk 0:48:15]} 41. fxe3 {[%clk 0:33:05]} Qd6
{[%clk 0:48:20]} 42. Ra3 {[%clk 0:33:11]} Qd5+ {[%clk 0:48:30]} 0-1

[Event "European Youth Chess Championship G14"]
[Site "Prague, Top Hotel Prague"]
[Date "2012.08.23"]
[Round "7.2"]
[White "Mammadova, Narmin"]
[Black "Rodionova, Daria"]
[Result "1-0"]
[WhiteElo "1980"]
[BlackElo "2074"]
[PlyCount "0"]
[EventDate "2012.08.17"]

1. e4 {[%clk 1:30:54]} c5 {[%clk 1:30:59]} 2. c3 {[%clk 1:31:09]} Nf6
{[%clk 1:31:27]} 3. e5 {[%clk 1:31:06]} Nd5 {[%clk 1:31:54]} 4. Nf3
{[%clk 1:28:46]} Nc6 {[%clk 1:32:21]} 5. d4 {[%clk 1:27:52]} cxd4
{[%clk 1:32:42]} 6. cxd4 {[%clk 1:28:09]} d6 {[%clk 1:32:59]} 7. Bc4
{[%clk 1:26:14]} Nb6 {[%clk 1:33:23]} 8. Bb5 {[%clk 1:26:19]} Bd7
{[%clk 1:33:46]} 9. exd6 {[%clk 1:25:33]} e6 {[%clk 1:34:10]} 10. O-O
{[%clk 1:24:41]} Bxd6 {[%clk 1:34:31]} 11. Nc3 {[%clk 1:24:51]} O-O
{[%clk 1:34:09]} 12. Ne4 {[%clk 1:19:28]} Be7 {[%clk 1:33:55]} 13. Bd3
{[%clk 1:16:33]} f5 {[%clk 1:33:23]} 14. Nc3 {[%clk 1:13:55]} Be8
{[%clk 1:33:20]} 15. Re1 {[%clk 1:12:03]} Bf7 {[%clk 1:33:38]} 16. Bc2
{[%clk 1:11:00]} Bf6 {[%clk 1:30:36]} 17. Be3 {[%clk 0:59:31]} Qd7
{[%clk 1:22:16]} 18. Bb3 {[%clk 0:54:02]} Rad8 {[%clk 1:16:48]} 19. Ne2
{[%clk 0:43:29]} e5 {[%clk 1:09:04]} 20. Ng5 {[%clk 0:35:55]} Bxb3
{[%clk 0:48:28]} 21. Qxb3+ {[%clk 0:36:18]} Nd5 {[%clk 0:48:49]} 22. dxe5
{[%clk 0:29:06]} Bxe5 {[%clk 0:42:38]} 23. Rad1 {[%clk 0:22:43]} Na5
{[%clk 0:35:41]} 24. Qd3 {[%clk 0:15:46]} Qe7 {[%clk 0:34:39]} 25. Qb5
{[%clk 0:09:15]} Nxe3 {[%clk 0:31:40]} 26. fxe3 {[%clk 0:08:41]} Bc7
{[%clk 0:13:41]} 27. Rxd8 {[%clk 0:06:31]} Qxd8 {[%clk 0:09:24]} 28. Ne6
{[%clk 0:03:06]} Qd2 {[%clk 0:02:50]} 29. Kf1 {[%clk 0:02:21]} a6
{[%clk 0:02:49]} 30. Qa4 {[%clk 0:00:52]} Qxe3 {[%clk 0:00:48]} 31. Nxf8
{[%clk 0:00:39]} Bb6 {[%clk 0:00:40]} 32. Qf4 {[%clk 0:00:54]} Kxf8
{[%clk 0:00:36]} 33. Qxf5+ {[%clk 0:00:41]} Kg8 {[%clk 0:00:40]} 34. Qd5+
{[%clk 0:00:40]} Kf8 {[%clk 0:00:39]} 35. Qf3+ {[%clk 0:00:56]} Qxf3+
{[%clk 0:01:05]} 36. gxf3 {[%clk 0:01:20]} Nc4 {[%clk 0:01:26]} 37. Kg2
{[%clk 0:00:44]} Ba5 {[%clk 0:00:58]} 38. Rb1 {[%clk 0:00:41]} Ne3+
{[%clk 0:00:58]} 39. Kh3 {[%clk 0:00:45]} Kf7 {[%clk 0:00:57]} 40. b4
{[%clk 0:31:04]} Bb6 {[%clk 0:30:44]} 41. a4 {[%clk 0:31:21]} g5 {[%clk 0:29:09]}
42. a5 {[%clk 0:28:29]} Bc7 {[%clk 0:26:59]} 43. Rb3 {[%clk 0:27:12]} Nd5
{[%clk 0:25:12]} 44. Kg2 {[%clk 0:26:25]} Bd6 {[%clk 0:19:30]} 45. b5
{[%clk 0:24:16]} Bb4 {[%clk 0:19:05]} 46. bxa6 {[%clk 0:24:11]} bxa6
{[%clk 0:19:21]} 47. Rb1 {[%clk 0:15:35]} Kf6 {[%clk 0:17:48]} 48. Nd4
{[%clk 0:13:13]} Bxa5 {[%clk 0:09:57]} 49. Ra1 {[%clk 0:13:10]} Bb6
{[%clk 0:09:23]} 50. Rxa6 {[%clk 0:13:10]} Ke5 {[%clk 0:08:56]} 51. Ne2
{[%clk 0:12:08]} h5 {[%clk 0:08:21]} 52. Ra8 {[%clk 0:11:08]} h4 {[%clk 0:07:31]}
53. Kh3 {[%clk 0:08:21]} Nf6 {[%clk 0:05:02]} 54. Rb8 {[%clk 0:07:47]} Be3
{[%clk 0:04:39]} 55. Rb5+ {[%clk 0:07:41]} Ke6 {[%clk 0:04:26]} 56. Nc3
{[%clk 0:07:32]} Nd7 {[%clk 0:02:05]} 57. Nd5 {[%clk 0:04:39]} Bc5
{[%clk 0:01:45]} 58. Nc7+ {[%clk 0:03:56]} Kd6 {[%clk 0:01:49]} 59. Na6
{[%clk 0:02:21]} Be3 {[%clk 0:01:47]} 60. Rb3 {[%clk 0:02:03]} Bf4
{[%clk 0:01:43]} 61. Kg4 {[%clk 0:01:12]} Ke6 {[%clk 0:01:51]} 62. Kh3
{[%clk 0:00:52]} Kf5 {[%clk 0:01:31]} 63. Nb4 {[%clk 0:00:47]} Be5
{[%clk 0:00:49]} 64. Nd3 {[%clk 0:00:44]} Bf6 {[%clk 0:00:47]} 65. Rb5+
{[%clk 0:00:45]} Kg6 {[%clk 0:00:51]} 66. Kg4 {[%clk 0:00:40]} Kf7
{[%clk 0:00:37]} 67. Kf5 {[%clk 0:00:46]} Ke8 {[%clk 0:00:34]} 68. Ke6
{[%clk 0:00:39]} Be7 {[%clk 0:00:48]} 69. Ne5 {[%clk 0:00:33]} Nf8+
{[%clk 0:00:39]} 70. Kf5 {[%clk 0:00:58]} Nd7 {[%clk 0:00:36]} 71. Nxd7
{[%clk 0:01:12]} Kxd7 {[%clk 0:00:59]} 72. Rb7+ {[%clk 0:01:40]} Kd6
{[%clk 0:01:10]} 73. Rxe7 1-0

[Event "European Youth Chess Championship G14"]
[Site "Prague, Top Hotel Prague"]
[Date "2012.08.23"]
[Round "7.3"]
[White "Khomeriki, Nino"]
[Black "Beinenson, Katsiaryna"]
[Result "0-1"]
[WhiteElo "2030"]
[BlackElo "1946"]
[PlyCount "0"]
[EventDate "2012.08.17"]

1. Nf3 {[%clk 1:30:40]} d5 {[%clk 1:30:52]} 2. b3 {[%clk 1:30:30]} Nf6
{[%clk 1:30:54]} 3. Bb2 {[%clk 1:30:42]} e6 {[%clk 1:30:30]} 4. e3
{[%clk 1:30:11]} c5 {[%clk 1:30:17]} 5. d4 {[%clk 1:27:57]} Nc6 {[%clk 1:29:50]}
6. a3 {[%clk 1:27:09]} Bd6 {[%clk 1:27:22]} 7. Bd3 {[%clk 1:22:31]} Qc7
{[%clk 1:27:23]} 8. c4 {[%clk 1:05:47]} dxc4 {[%clk 1:26:49]} 9. Bxc4
{[%clk 0:52:39]} cxd4 {[%clk 1:22:59]} 10. Nxd4 {[%clk 0:45:35]} a6
{[%clk 1:10:16]} 11. Nxc6 {[%clk 0:42:25]} Qxc6 {[%clk 1:10:29]} 12. Qf3
{[%clk 0:36:36]} Qc7 {[%clk 1:06:09]} 13. Nd2 {[%clk 0:35:45]} Bd7
{[%clk 1:05:18]} 14. Rc1 {[%clk 0:29:46]} Bc6 {[%clk 0:55:13]} 15. Qh3
{[%clk 0:29:16]} Rd8 {[%clk 0:48:53]} 16. Nf3 {[%clk 0:26:16]} Bxa3
{[%clk 0:44:57]} 17. Bxa3 {[%clk 0:21:42]} Qa5+ {[%clk 0:45:17]} 18. b4
{[%clk 0:14:18]} Qxa3 {[%clk 0:45:33]} 19. O-O {[%clk 0:14:43]} Qxb4
{[%clk 0:45:06]} 20. Ne5 {[%clk 0:11:50]} Bd5 {[%clk 0:42:52]} 21. Rb1
{[%clk 0:07:10]} Qe7 {[%clk 0:41:27]} 22. Bd3 {[%clk 0:06:41]} Qd6
{[%clk 0:39:20]} 23. f4 {[%clk 0:05:49]} O-O {[%clk 0:34:45]} 24. Ng4
{[%clk 0:04:56]} Ne4 {[%clk 0:34:24]} 25. f5 {[%clk 0:04:14]} exf5
{[%clk 0:25:55]} 26. Rxf5 {[%clk 0:04:12]} Bc6 {[%clk 0:24:44]} 27. Bxe4
{[%clk 0:01:17]} Bxe4 {[%clk 0:24:11]} 28. Nf6+ {[%clk 0:01:42]} gxf6
{[%clk 0:23:37]} 29. Qg4+ {[%clk 0:02:11]} Kh8 {[%clk 0:23:59]} 30. Qxe4
{[%clk 0:02:40]} Qe6 {[%clk 0:20:45]} 31. Qf3 {[%clk 0:02:23]} Qa2
{[%clk 0:17:46]} 32. Rf1 {[%clk 0:02:04]} Rd2 {[%clk 0:16:06]} 33. Rg5
{[%clk 0:00:42]} Qe6 {[%clk 0:10:38]} 34. Qxf6+ {[%clk 0:00:42]} Qxf6
{[%clk 0:11:04]} 35. Rxf6 {[%clk 0:01:10]} Rg8 {[%clk 0:10:28]} 36. Rxg8+
{[%clk 0:00:46]} Kxg8 {[%clk 0:10:54]} 37. Rb6 {[%clk 0:00:52]} Rd7
{[%clk 0:10:43]} 38. Kf2 {[%clk 0:00:53]} Kf8 {[%clk 0:10:36]} 39. Kf3
{[%clk 0:31:03]} Ke8 {[%clk 0:40:00]} 40. h4 {[%clk 0:30:02]} Kd8
{[%clk 0:37:28]} 41. g4 {[%clk 0:23:01]} Kc7 {[%clk 0:36:11]} 42. Rh6
{[%clk 0:19:52]} a5 {[%clk 0:34:40]} 43. Rxh7 {[%clk 0:19:51]} a4
{[%clk 0:30:47]} 44. Rh5 {[%clk 0:17:52]} Kc6 {[%clk 0:16:38]} 45. Ra5
{[%clk 0:16:40]} b5 {[%clk 0:17:02]} 46. h5 {[%clk 0:16:40]} Rd8 {[%clk 0:13:38]}
47. Ra6+ {[%clk 0:13:21]} Kb7 {[%clk 0:12:33]} 48. Rf6 {[%clk 0:13:19]} a3
{[%clk 0:12:01]} 49. Rxf7+ {[%clk 0:11:53]} Kb6 {[%clk 0:10:40]} 50. Rf6+
{[%clk 0:07:07]} Ka5 {[%clk 0:10:40]} 51. Rf7 {[%clk 0:05:56]} Ra8
{[%clk 0:08:16]} 52. Ke4 {[%clk 0:05:31]} a2 {[%clk 0:07:49]} 53. Rf1
{[%clk 0:05:59]} b4 {[%clk 0:08:07]} 54. Kd3 {[%clk 0:05:02]} Rc8
{[%clk 0:07:33]} 55. Rf5+ {[%clk 0:02:19]} Kb6 {[%clk 0:07:30]} 56. Rf6+
{[%clk 0:01:58]} Rc6 {[%clk 0:07:37]} 57. Rf1 {[%clk 0:02:10]} b3
{[%clk 0:07:56]} 58. g5 {[%clk 0:02:20]} b2 {[%clk 0:08:17]} 0-1

[Event "European Youth Chess Championship G14"]
[Site "Prague, Top Hotel Prague"]
[Date "2012.08.23"]
[Round "7.4"]
[White "Temel, Burcu Melis"]
[Black "Haussernot, Cecile"]
[Result "0-1"]
[WhiteElo "1615"]
[BlackElo "2074"]
[PlyCount "0"]
[EventDate "2012.08.17"]

1. e4 {[%clk 1:30:57]} c5 {[%clk 1:30:57]} 2. Nf3 {[%clk 1:31:23]} d6
{[%clk 1:31:22]} 3. d4 {[%clk 1:31:49]} cxd4 {[%clk 1:31:49]} 4. Nxd4
{[%clk 1:32:15]} Nf6 {[%clk 1:32:13]} 5. Nc3 {[%clk 1:32:42]} a6 {[%clk 1:32:33]}
6. Be2 {[%clk 1:33:07]} e5 {[%clk 1:32:58]} 7. Nb3 {[%clk 1:33:32]} Be6
{[%clk 1:32:29]} 8. f4 {[%clk 1:33:56]} exf4 {[%clk 1:30:44]} 9. Bxf4
{[%clk 1:34:19]} Nc6 {[%clk 1:30:10]} 10. Qd2 {[%clk 1:29:24]} Qc7
{[%clk 1:29:43]} 11. O-O-O {[%clk 1:26:08]} Ne5 {[%clk 1:24:40]} 12. Kb1
{[%clk 1:21:32]} Be7 {[%clk 1:24:00]} 13. h3 b5 {[%clk 1:18:55]} 14. a3
{[%clk 1:14:48]} O-O {[%clk 1:17:15]} 15. g4 {[%clk 1:14:08]} Nfd7
{[%clk 1:16:30]} 16. Nd4 {[%clk 1:08:50]} Nb6 {[%clk 1:14:19]} 17. Nf5
{[%clk 1:03:03]} Rfd8 {[%clk 1:06:04]} 18. Nd5 {[%clk 0:44:49]} Bxd5
{[%clk 1:05:49]} 19. exd5 {[%clk 0:44:37]} Bf6 {[%clk 1:05:32]} 20. g5
{[%clk 0:44:33]} Nec4 {[%clk 1:05:15]} 21. Bxc4 {[%clk 0:30:54]} Nxc4
{[%clk 1:05:39]} 22. Qh2 {[%clk 0:28:54]} Bxb2 {[%clk 1:05:30]} 23. Nxd6
{[%clk 0:28:45]} Bxa3 {[%clk 1:04:18]} 24. Nxc4 {[%clk 0:27:32]} Qxc4
{[%clk 1:04:42]} 25. Rd3 {[%clk 0:25:46]} Bb4 {[%clk 1:05:04]} 26. Rhd1
{[%clk 0:24:55]} Bc3 {[%clk 1:05:26]} 27. Bd6 {[%clk 0:20:44]} b4
{[%clk 1:04:15]} 28. Qg3 {[%clk 0:17:50]} Qb5 {[%clk 1:04:06]} 29. Be5
{[%clk 0:16:11]} Rac8 {[%clk 1:02:54]} 30. Kc1 {[%clk 0:13:33]} Qa5
{[%clk 1:03:19]} 31. Bxc3 {[%clk 0:12:49]} bxc3 {[%clk 1:03:43]} 0-1

[Event "European Youth Chess Championship G14"]
[Site "Prague, Top Hotel Prague"]
[Date "2012.08.23"]
[Round "7.5"]
[White "Wozniak, Mariola"]
[Black "Vasenina, Anna"]
[Result "0-1"]
[WhiteElo "1966"]
[BlackElo "1978"]
[PlyCount "0"]
[EventDate "2012.08.17"]

1. e4 {[%clk 1:30:58]} c5 {[%clk 1:30:51]} 2. Nf3 {[%clk 1:31:24]} d6
{[%clk 1:31:15]} 3. d4 {[%clk 1:31:50]} cxd4 {[%clk 1:31:40]} 4. Nxd4
{[%clk 1:32:14]} Nf6 {[%clk 1:32:02]} 5. Nc3 {[%clk 1:32:39]} a6 {[%clk 1:32:26]}
6. Be2 {[%clk 1:33:05]} e5 {[%clk 1:31:42]} 7. Nb3 {[%clk 1:33:31]} Be7
{[%clk 1:32:00]} 8. O-O {[%clk 1:31:53]} Be6 {[%clk 1:30:24]} 9. f4
{[%clk 1:27:07]} b5 {[%clk 1:17:08]} 10. f5 {[%clk 1:22:47]} Bc8 {[%clk 1:11:24]}
11. a3 {[%clk 1:06:23]} Bb7 {[%clk 1:11:20]} 12. Bf3 {[%clk 1:06:30]} h6
{[%clk 1:09:23]} 13. Qe1 {[%clk 0:54:56]} Nbd7 {[%clk 1:00:53]} 14. Be3
{[%clk 0:47:54]} Rc8 {[%clk 0:51:02]} 15. Bf2 {[%clk 0:38:15]} Nb6
{[%clk 0:41:29]} 16. Nd2 {[%clk 0:24:14]} Nc4 {[%clk 0:32:39]} 17. Nxc4
{[%clk 0:24:16]} Rxc4 {[%clk 0:32:15]} 18. b3 {[%clk 0:20:14]} Rc6
{[%clk 0:30:52]} 19. Be3 {[%clk 0:16:09]} Qa8 {[%clk 0:28:10]} 20. Bd2
{[%clk 0:14:13]} O-O {[%clk 0:25:36]} 21. Nd5 {[%clk 0:11:33]} Bd8
{[%clk 0:24:30]} 22. Rc1 {[%clk 0:08:11]} a5 {[%clk 0:20:14]} 23. Nxf6+
{[%clk 0:04:00]} Bxf6 {[%clk 0:20:39]} 24. Bxa5 {[%clk 0:04:06]} Rfc8
{[%clk 0:20:38]} 25. Bb4 {[%clk 0:03:57]} Rxc2 {[%clk 0:17:49]} 26. Rxc2
{[%clk 0:04:07]} Rxc2 {[%clk 0:18:15]} 27. Bxd6 {[%clk 0:04:11]} Qa7+
{[%clk 0:18:28]} 28. Kh1 {[%clk 0:04:35]} Qd4 {[%clk 0:18:53]} 29. Bb4
{[%clk 0:03:33]} Bg5 {[%clk 0:16:54]} 30. h4 {[%clk 0:01:40]} Rc1
{[%clk 0:10:10]} 31. Qe2 {[%clk 0:01:50]} Rxf1+ {[%clk 0:10:31]} 32. Qxf1
{[%clk 0:02:18]} Bxh4 {[%clk 0:10:53]} 33. Qxb5 {[%clk 0:01:59]} Qa1+
{[%clk 0:09:42]} 34. Kh2 {[%clk 0:02:25]} Bf2 {[%clk 0:10:06]} 35. Be7
{[%clk 0:00:44]} Qg1+ {[%clk 0:10:15]} 36. Kh3 {[%clk 0:01:11]} Qh1+
{[%clk 0:10:38]} 37. Kg4 {[%clk 0:01:38]} h5+ {[%clk 0:11:03]} 0-1

[Event "European Youth Chess Championship G14"]
[Site "Prague, Top Hotel Prague"]
[Date "2012.08.23"]
[Round "7.7"]
[White "Menzi, Nezihe Ezgi"]
[Black "Harazinska, Ewa"]
[Result "0-1"]
[WhiteElo "1876"]
[BlackElo "1975"]
[PlyCount "0"]
[EventDate "2012.08.17"]

1. e4 {[%clk 1:30:57]} c5 {[%clk 1:30:50]} 2. Nf3 {[%clk 1:31:24]} e6
{[%clk 1:31:14]} 3. c3 {[%clk 1:31:49]} d5 {[%clk 1:31:37]} 4. exd5
{[%clk 1:32:16]} Qxd5 {[%clk 1:32:01]} 5. d4 {[%clk 1:32:42]} Nf6
{[%clk 1:32:17]} 6. Be3 {[%clk 1:33:06]} cxd4 {[%clk 1:32:40]} 7. cxd4
{[%clk 1:33:32]} Bb4+ {[%clk 1:33:01]} 8. Nc3 {[%clk 1:33:25]} O-O
{[%clk 1:33:22]} 9. Bd3 {[%clk 1:33:46]} b6 {[%clk 1:33:45]} 10. O-O
{[%clk 1:33:12]} Bxc3 {[%clk 1:34:09]} 11. bxc3 {[%clk 1:33:39]} Ba6
{[%clk 1:34:33]} 12. Re1 {[%clk 1:19:45]} Bxd3 {[%clk 1:34:31]} 13. Qxd3
{[%clk 1:20:12]} Nbd7 {[%clk 1:34:06]} 14. c4 {[%clk 1:17:48]} Qb7
{[%clk 1:32:03]} 15. Rad1 {[%clk 1:06:34]} Rac8 {[%clk 1:22:28]} 16. Bg5
{[%clk 0:39:10]} h6 {[%clk 1:15:52]} 17. Bf4 {[%clk 0:25:56]} Rfd8
{[%clk 1:11:56]} 18. Qe2 {[%clk 0:21:37]} Qa6 {[%clk 1:00:05]} 19. Rc1
{[%clk 0:14:54]} Qa4 {[%clk 0:57:30]} 20. Ne5 {[%clk 0:12:44]} Nxe5
{[%clk 0:43:18]} 21. dxe5 {[%clk 0:12:14]} Nd7 {[%clk 0:40:29]} 22. Rc3
{[%clk 0:12:24]} Nf8 {[%clk 0:37:09]} 23. Bc1 {[%clk 0:04:48]} Rd4
{[%clk 0:33:42]} 24. Rg3 {[%clk 0:03:08]} Ng6 {[%clk 0:33:24]} 25. Qh5
{[%clk 0:00:41]} Rh4 {[%clk 0:31:35]} 26. Qf3 {[%clk 0:00:52]} Rhxc4
{[%clk 0:31:59]} 27. Bd2 {[%clk 0:00:37]} Rc2 {[%clk 0:31:25]} 28. Qd3
{[%clk 0:01:22]} Qc4 {[%clk 0:30:16]} 29. Qd6 {[%clk 0:00:38]} Qc7
{[%clk 0:29:51]} 30. Bb4 {[%clk 0:00:38]} Rxa2 {[%clk 0:27:44]} 31. Rc3
{[%clk 0:00:44]} Qb7 {[%clk 0:25:33]} 32. Rd1 {[%clk 0:00:36]} Rxc3
{[%clk 0:25:02]} 33. Bxc3 {[%clk 0:01:05]} Nf4 {[%clk 0:24:11]} 0-1

[Event "European Youth Chess Championship G14"]
[Site "Prague, Top Hotel Prague"]
[Date "2012.08.23"]
[Round "7.8"]
[White "Malatsilava, Volha"]
[Black "Sucikova, Svetlana"]
[Result "1/2-1/2"]
[WhiteElo "1926"]
[BlackElo "1843"]
[PlyCount "0"]
[EventDate "2012.08.17"]

1. e4 {[%clk 1:30:57]} e5 {[%clk 1:30:51]} 2. Nf3 {[%clk 1:31:20]} Nc6
{[%clk 1:31:13]} 3. Bb5 {[%clk 1:31:41]} a6 {[%clk 1:31:12]} 4. Ba4
{[%clk 1:31:52]} Nf6 {[%clk 1:30:32]} 5. O-O {[%clk 1:32:10]} Be7
{[%clk 1:30:41]} 6. Re1 {[%clk 1:32:31]} b5 {[%clk 1:30:21]} 7. Bb3
{[%clk 1:32:54]} d6 {[%clk 1:30:44]} 8. c3 {[%clk 1:33:14]} Na5 {[%clk 1:30:45]}
9. Bc2 {[%clk 1:33:12]} c5 {[%clk 1:30:46]} 10. d4 {[%clk 1:32:58]} Qc7
{[%clk 1:31:05]} 11. d5 {[%clk 1:32:49]} O-O {[%clk 1:29:45]} 12. h3
{[%clk 1:33:11]} Ne8 {[%clk 1:28:17]} 13. b3 {[%clk 1:30:15]} g6 {[%clk 1:28:03]}
14. Nbd2 {[%clk 1:13:55]} Ng7 {[%clk 1:26:26]} 15. a4 {[%clk 1:11:17]} Bd7
{[%clk 1:24:08]} 16. Bb2 {[%clk 1:07:55]} Rfb8 {[%clk 1:21:06]} 17. axb5
{[%clk 1:05:18]} axb5 {[%clk 1:20:57]} 18. Qe2 {[%clk 1:04:23]} Ra7
{[%clk 1:09:34]} 19. Bd3 {[%clk 0:58:48]} b4 {[%clk 0:55:29]} 20. cxb4
{[%clk 0:57:49]} Rxb4 {[%clk 0:55:35]} 21. Bc3 {[%clk 0:57:38]} Rb8
{[%clk 0:55:23]} 22. Reb1 {[%clk 0:56:18]} Rba8 {[%clk 0:47:38]} 23. b4
{[%clk 0:55:43]} Nb7 {[%clk 0:44:24]} 24. Rxa7 {[%clk 0:55:41]} Rxa7
{[%clk 0:44:48]} 25. b5 {[%clk 0:55:52]} Ra3 {[%clk 0:42:54]} 26. Bb2
{[%clk 0:54:46]} Ra4 {[%clk 0:43:18]} 27. Bc3 {[%clk 0:52:38]} f5
{[%clk 0:39:03]} 28. Bc4 {[%clk 0:49:43]} Kf8 {[%clk 0:37:58]} 29. Qd1
{[%clk 0:45:02]} Ra3 {[%clk 0:36:34]} 30. Qc1 {[%clk 0:45:11]} Ra8
{[%clk 0:36:38]} 31. Qb2 {[%clk 0:44:57]} Qb6 {[%clk 0:33:58]} 32. Bd3
{[%clk 0:40:20]} Ne8 {[%clk 0:32:52]} 33. Nc4 {[%clk 0:39:47]} Qd8
{[%clk 0:33:13]} 34. b6 {[%clk 0:36:47]} fxe4 {[%clk 0:33:04]} 35. Bxe4
{[%clk 0:36:55]} Nf6 {[%clk 0:32:18]} 36. Nfd2 {[%clk 0:37:15]} Nxe4
{[%clk 0:31:36]} 37. Nxe4 {[%clk 0:37:37]} Ra4 {[%clk 0:29:45]} 38. Qe2
{[%clk 0:37:17]} Qa8 {[%clk 0:28:56]} 39. g4 {[%clk 0:34:16]} Qa6
{[%clk 0:28:13]} 40. Qf3+ {[%clk 1:02:52]} Kg8 {[%clk 0:53:44]} 41. Nxe5
{[%clk 0:55:21]} dxe5 {[%clk 0:45:17]} 42. Bxe5 {[%clk 0:55:45]} Ra3
{[%clk 0:45:39]} 43. Qf4 {[%clk 0:49:32]} Qd3 {[%clk 0:45:07]} 44. Nf6+
{[%clk 0:47:13]} Bxf6 {[%clk 0:45:30]} 45. Qxf6 {[%clk 0:47:31]} Qxb1+
{[%clk 0:45:56]} 46. Kh2 {[%clk 0:44:31]} Rxh3+ {[%clk 0:43:40]} 47. Kxh3
{[%clk 0:44:52]} Qh1+ {[%clk 0:43:50]} 48. Kg3 {[%clk 0:45:15]} Qg1+
{[%clk 0:43:49]} 49. Kh3 {[%clk 0:39:31]} Qh1+ {[%clk 0:38:27]} 50. Kg3
{[%clk 0:39:56]} Qg1+ {[%clk 0:38:43]} 51. Kh3 {[%clk 0:38:19]} Qh1+
{[%clk 0:38:54]} 1/2-1/2

[Event "European Youth Chess Championship G14"]
[Site "Prague, Top Hotel Prague"]
[Date "2012.08.23"]
[Round "7.9"]
[White "Rakic, Teodora"]
[Black "Dyakonova, Ekaterina"]
[Result "0-1"]
[WhiteElo "1832"]
[BlackElo "1921"]
[PlyCount "0"]
[EventDate "2012.08.17"]

1. d4 {[%clk 1:30:53]} Nf6 {[%clk 1:31:25]} 2. c4 {[%clk 1:31:03]} c5
{[%clk 1:31:52]} 3. d5 e6 4. Nc3 exd5 5. cxd5 d6 6. e4 g6 {[%clk 1:33:14]} 7. Nf3
{[%clk 1:29:45]} Bg7 {[%clk 1:33:37]} 8. Be2 {[%clk 1:29:18]} O-O
{[%clk 1:33:45]} 9. O-O {[%clk 1:28:46]} Re8 {[%clk 1:33:24]} 10. Nd2
{[%clk 1:25:36]} Na6 {[%clk 1:30:24]} 11. Re1 {[%clk 1:14:16]} Nc7
{[%clk 1:26:38]} 12. Bf1 {[%clk 1:09:18]} Qe7 {[%clk 1:18:19]} 13. Nb3
{[%clk 1:00:14]} Nd7 {[%clk 1:11:10]} 14. Bd2 {[%clk 0:57:55]} a6
{[%clk 1:01:40]} 15. a4 {[%clk 0:56:10]} b6 {[%clk 1:01:26]} 16. Qc2
{[%clk 0:50:21]} g5 {[%clk 0:51:04]} 17. Nd1 {[%clk 0:42:08]} Ne5
{[%clk 0:48:14]} 18. Ne3 {[%clk 0:36:17]} h5 {[%clk 0:40:13]} 19. Bc3
{[%clk 0:33:43]} Bd7 {[%clk 0:36:13]} 20. Bxe5 {[%clk 0:27:40]} Bxe5
{[%clk 0:34:20]} 21. Nc4 {[%clk 0:28:04]} b5 {[%clk 0:31:22]} 22. axb5
{[%clk 0:28:12]} axb5 {[%clk 0:29:21]} 23. Nxe5 {[%clk 0:27:55]} Qxe5
{[%clk 0:29:47]} 24. Rxa8 {[%clk 0:25:50]} Rxa8 {[%clk 0:29:24]} 25. Ra1
{[%clk 0:25:49]} Rxa1 {[%clk 0:27:20]} 26. Nxa1 {[%clk 0:26:17]} c4
{[%clk 0:23:38]} 27. f3 {[%clk 0:17:55]} Na6 {[%clk 0:21:57]} 28. Qc1
{[%clk 0:15:02]} Kg7 {[%clk 0:15:49]} 29. Kf2 {[%clk 0:11:15]} Kg6
{[%clk 0:12:17]} 30. h3 {[%clk 0:10:50]} f5 {[%clk 0:09:22]} 31. Qc3
{[%clk 0:08:07]} Qxc3 {[%clk 0:06:10]} 32. bxc3 {[%clk 0:08:35]} fxe4
{[%clk 0:06:39]} 33. fxe4 {[%clk 0:08:54]} Kf6 {[%clk 0:05:33]} 34. Ke3
{[%clk 0:05:13]} Ke5 {[%clk 0:05:18]} 35. g3 {[%clk 0:05:27]} Nc5
{[%clk 0:04:07]} 36. Bg2 {[%clk 0:05:40]} Na4 {[%clk 0:04:29]} 37. Kd2
{[%clk 0:05:58]} Nc5 {[%clk 0:01:58]} 38. Ke3 {[%clk 0:06:22]} Na4
{[%clk 0:02:19]} 39. Kd2 {[%clk 0:06:47]} h4 {[%clk 0:02:45]} 40. gxh4
{[%clk 0:36:56]} gxh4 {[%clk 0:33:12]} 41. Nc2 {[%clk 0:26:54]} Kf4
{[%clk 0:29:44]} 42. Nd4 {[%clk 0:26:21]} Kg3 {[%clk 0:24:12]} 43. Bf1
{[%clk 0:26:03]} Kf2 {[%clk 0:22:11]} 44. Be2 {[%clk 0:25:55]} Bxh3
{[%clk 0:21:05]} 45. Nxb5 {[%clk 0:26:03]} Bd7 {[%clk 0:19:53]} 46. Nxd6
{[%clk 0:26:11]} h3 {[%clk 0:19:44]} 47. Nxc4 {[%clk 0:26:16]} h2
{[%clk 0:19:43]} 48. Ne3 {[%clk 0:26:03]} h1=Q {[%clk 0:19:14]} 49. Nd1+
{[%clk 0:26:17]} Kg3 {[%clk 0:19:25]} 50. Bd3 {[%clk 0:26:39]} Nc5
{[%clk 0:19:02]} 51. Bc2 {[%clk 0:26:28]} Nxe4+ {[%clk 0:19:24]} 52. Ke3
{[%clk 0:26:53]} Qf3+ {[%clk 0:19:12]} 53. Kd4 {[%clk 0:27:17]} Nxc3
{[%clk 0:15:53]} 54. Nxc3 {[%clk 0:27:38]} Qf2+ {[%clk 0:16:15]} 0-1